00459nam a2200121Ia 4500008004100000245014300041260003900184260000900223300000700232650002600239650001200265856006000277170516s9999 xx 000 0 und d aBiliary complications following orthotopic liver transplantation: May contrast-enhanced MR Cholangiography provide additional information? bEuropean Journal of Radiology Open c2016 a3: xRadiologic Technology xRadtech uhttp://www.sciencedirect.com/science/journal/23520477/3